Aris business process modeling

Gardado en:
Detalles Bibliográficos
Autor Principal: Scheer, August-Wilhelm (Author)
Formato: Libro
Idioma:inglés
Publicado: Berlín Springer 1999
Edición:3a. ed
Subjects:
Tags: Engadir etiqueta
Sen Etiquetas, Sexa o primeiro en etiquetar este rexistro!

MARC

LEADER 00000nam a2200000 a 4500
001 UCN4949
003 CL-VaPUC
008 010817e19990000GW |||||||||||||||||eng|d
082 0 4 |a 658.4038  |b SCH  |2 21 
100 0 |a Scheer, August-Wilhelm  |e author  |9 461078 
245 1 0 |a Aris business process modeling 
250 |a 3a. ed 
300 |a 218 p 
942 |c BK 
945 |d 20010817 00:00:00  |a vberengu 
260 |a Berlín  |b Springer  |c 1999 
650 0 |a Proceso de datos   |9 259776 
650 0 |a Tecnología de la información   |9 254825 
650 0 |a Diseño de sistemas  |9 262363 
650 0 |a Sistemas de información   |9 260286 
583 |a last modification  |c 20010817 00:00:00  |k Rodrigo Vera 
999 |c 296788  |d 296786 
952 |0 0  |1 0  |4 0  |6 658_403800000000000_SCH_1999  |7 0  |8 A  |9 350959  |a BIBING  |b BIBING  |d 2019-11-20  |i 3737667  |o 658.4038 SCH 1999  |p 3737667  |r 2025-01-20  |w 2019-11-20  |y BK  |k EII